000
00406nam a2200169Ia 4500
008
100917s9999 xx 000 0 und d
082
_b
1823
100
_a
---
245
_a
देशद्रोही
260
_b
---
365
_b
0
520
_a
निबंध
630
_a
देशद्रोही
650
_a
निबंध
730
_a
देशद्रोही
942
_c
BOOK
999
_c
607217
_d
607214